000 00649nam a2200229Ia 4500
003 OSt
005 20220923230734.0
006 a|||||r|||| 00| 0
007 ta
008 Pun
024 _a305,193
037 _cTextual
040 _aARTS
_cARTS
_bPun
041 _2Pun
_aPun
082 _aQ8441:33, 153K9
100 _aਪ੍ਰੀਤਮ ਸਿੰਘ, ਥਦ.
245 0 _aਪਹਿਲੀ ਪਾਤFਾਹੀ
_b ਸ੍ਰੀ ਗੁਰੂ ਨਾਨਕ ਦੇਵ ਜੀ
260 _c1969
650 _aਧਰਮ
942 _hQ8441:33, 153K9
_cTEXL
_2CC
999 _c386996
_d386996